Terrorism, talking and transformation : (Record no. 14821)
[ view plain ]
| 000 -LEADER | |
|---|---|
| fixed length control field | 01254cam a22003374a 4500 |
| 001 - CONTROL NUMBER | |
| control field | 16986970 |
| 005 - DATE AND TIME OF LATEST TRANSACTION | |
| control field | 20170105102905.0 |
| 008 - FIXED-LENGTH DATA ELEMENTS--GENERAL INFORMATION | |
| fixed length control field | 111003s2012 enk b 001 0 eng |
| 010 ## - LIBRARY OF CONGRESS CONTROL NUMBER | |
| LC control number | 2011040230 |
| 015 ## - NATIONAL BIBLIOGRAPHY NUMBER | |
| National bibliography number | GBB1B8255 |
| Source | bnb |
| 016 7# - NATIONAL BIBLIOGRAPHIC AGENCY CONTROL NUMBER | |
| Record control number | 015946806 |
| Source | Uk |
| 020 ## - INTERNATIONAL STANDARD BOOK NUMBER | |
| International Standard Book Number | 9780415683920 (hardback) |
| 020 ## - INTERNATIONAL STANDARD BOOK NUMBER | |
| International Standard Book Number | 9780203123508 (ebook) |
| 035 ## - SYSTEM CONTROL NUMBER | |
| System control number | (OCoLC)ocn711041490 |
| 040 ## - CATALOGING SOURCE | |
| Original cataloging agency | DLC |
| Language of cataloging | eng |
| Transcribing agency | DLC |
| Modifying agency | YDX |
| -- | BTCTA |
| -- | YDXCP |
| -- | CDX |
| -- | UKMGB |
| -- | BWX |
| -- | DLC |
| 042 ## - AUTHENTICATION CODE | |
| Authentication code | pcc |
| 050 00 - LIBRARY OF CONGRESS CALL NUMBER | |
| Classification number | HV6431 |
| Item number | .T663 2012 |
| 082 00 - DEWEY DECIMAL CLASSIFICATION NUMBER | |
| Classification number | 363.325/17 |
| Edition number | 23 |
| 100 1# - MAIN ENTRY--PERSONAL NAME | |
| Personal name | Toros, Harmonie, |
| Dates associated with a name | 1974- |
| 245 10 - TITLE STATEMENT | |
| Title | Terrorism, talking and transformation : |
| Remainder of title | a critical approach / |
| Statement of responsibility, etc. | Harmonie Toros. |
| 260 ## - PUBLICATION, DISTRIBUTION, ETC. | |
| Place of publication, distribution, etc. | Abingdon, Oxon ; |
| -- | New York : |
| Name of publisher, distributor, etc. | Routledge, |
| Date of publication, distribution, etc. | 2012. |
| 300 ## - PHYSICAL DESCRIPTION | |
| Extent | xii, 238 p. ; |
| Dimensions | 24 cm. |
| 490 1# - SERIES STATEMENT | |
| Series statement | Critical terrorism studies |
| 504 ## - BIBLIOGRAPHY, ETC. NOTE | |
| Bibliography, etc. note | Includes bibliographical references and index. |
| 505 0# - FORMATTED CONTENTS NOTE | |
| Formatted contents note | Terrorism -- Talking -- Transformation -- Talking in Northern Ireland -- Talking in Mindanao. |
| 650 #0 - SUBJECT ADDED ENTRY--TOPICAL TERM | |
| Topical term or geographic name entry element | Terrorism |
| General subdivision | Prevention |
| Form subdivision | Case studies. |
| 830 #0 - SERIES ADDED ENTRY--UNIFORM TITLE | |
| Uniform title | Critical terrorism studies. |
| 906 ## - LOCAL DATA ELEMENT F, LDF (RLIN) | |
| a | 7 |
| b | cbc |
| c | orignew |
| d | 1 |
| e | ecip |
| f | 20 |
| g | y-gencatlg |
| 942 ## - ADDED ENTRY ELEMENTS (KOHA) | |
| Source of classification or shelving scheme | |
| Koha item type | Book |
| Withdrawn status | Lost status | Damaged status | Not for loan | Collection code | Permanent Location | Current Location | Shelving location | Date acquired | Total Checkouts | Full call number | Barcode | Date last seen | Price effective from | Koha item type |
|---|---|---|---|---|---|---|---|---|---|---|---|---|---|---|
| Centre for International Peace & Stability (CIPS) | Centre for International Peace & Stability (CIPS) | General Stacks | 10/01/2013 | 363.32517 TOR 2012 | CIPS0001502 | 10/22/2013 | 10/22/2013 | Book |
